Educacao especial : em foco.

Αποθηκεύτηκε σε:
Λεπτομέρειες βιβλιογραφικής εγγραφής
Κύριος συγγραφέας: Pires, Nise (autor)
Μορφή: Βιβλίο
Γλώσσα:Πορτογαλικά
Θέματα:
Ετικέτες: Προσθήκη ετικέτας
Δεν υπάρχουν, Καταχωρήστε ετικέτα πρώτοι!

MARC

LEADER 00000cam^a2200000uu^4500
001 000489453
005 20250521000000.0
008 032310s1974^^^^^^^^^^^^rd^r^^000^0^por^d
009 20260310125331.978
035 |a FCE 000032645 
035 |a FCE 021290 
037 |a Acervo ITESO - Biblioteca 
041 |a POR 
082 0 4 |a 371.9  |b PIRe 
100 |a Pires, Nise  |e (autor) 
245 1 0 |a Educacao especial :  |b em foco. 
264 |a Rio de Janeiro :  |b MEC : INEP,  |c 1974. 
300 |a 162 p. 
336 |a texto  |b txt  |2 rdacontenido 
337 |a sin mediación  |b n  |2 rdamedio 
338 |a volumen  |b nc  |2 rdasoporte 
649 |a XX 
650 |a Planificación de la educación 
650 |a Legislación de la educación 
650 |a Educación especial 
650 |a Metodología 
650 |a Problemas educativos 
650 |a Políticas de educación 
650 |a Brasil 
910 |a Fondo Centro de Estudios Educativos 
920 |a Impresos - Libros 
930 |a Fondos Especiales 
905 |a 133 
901 |a ALE021290  |b IT2  |c CEE  |u 20250521 
902 |a https://opac.biblio.iteso.mx/vufind/Record/000489453